000 00612nam a2200205Ia 4500
005 20250522104228.0
008 008 250516s9999 xx 000 0 eng d
020 _a9789004694798
040 _aSDCL
_beng
_cSDCL
041 _aeng
_2eng
084 _aV2:3(S:55), R4
_qSDCL
100 _aLinden, Bob Van Der
245 0 _aRomantic nationalism in India :
_bCultivation of Culture and the global circulation of ideas
260 _aLeiden:
_bBrill,
_c2024.
300 _axviii,191p.
365 _aEURO
_b99
490 _aNational cultivation of culture (Volume 31)
650 _aHistory
942 _cTEXL
999 _c1429619
_d1429619